Loading...
| Science - Biology | 0 | 7 | 0 | 0 | 70 | 22 | 53.57 | 2 | 6 | 31.12 | 52.62 |
| Science - Physics | 0 | 7 | 1 | 0 | 65 | 44 | 61.00 | 1 | 2 | 27.40 | 38.75 |
| Science - Other | 0 | 6 | 0 | 0 | 60 | 57 | 71.50 | 0 | 2 | 21.50 | 36.95 |
| Science - Chemistry | 0 | 5 | 2 | 1 | 40 | 63 | 83.20 | 1 | 2 | 9.62 | 27.21 |
| Social Science | 0 | 2 | 0 | 0 | 20 | 60 | 65.00 | 0 | 1 | 8.61 | 15.71 |
| Literature - World | 0 | 2 | 0 | 1 | 20 | 19 | 72.00 | 0 | 1 | 7.46 | 9.15 |
| Philosophy | 0 | 2 | 0 | 1 | 20 | 64 | 83.50 | 0 | 0 | 4.07 | 6.84 |
| Mythology | 0 | 1 | 0 | 1 | 10 | 110 | 110.00 | 0 | 0 | 0.62 | 2.10 |
| Literature - British | 0 | 1 | 0 | 0 | 10 | 60 | 60.00 | 0 | 0 | 4.58 | 4.55 |
| Geography | 0 | 1 | 0 | 0 | 10 | 70 | 70.00 | 1 | 1 | 5.12 | 16.67 |
| Fine Arts - Painting and Sculpture | 0 | 1 | 0 | 0 | 10 | 85 | 85.00 | 0 | 0 | 2.54 | 6.06 |